000 007270000a22002290004500
003 LK-CoMWRAF
005 20230921103516.0
008 230817t2001 ||||| |||| 00| 0 eng d
020 _a9558027022
040 _aLK-CoMWRAF
_dLK-CoMWRAF
_eLK-CoMWRAF
041 _aeng
082 _a323.3
_bGOM
100 _aGomez, Mario
245 _aPreferring Women
260 _aColombo:
_bCanadian International Development Agency's (CIDA's) Shakti Gender Equity Project,
_c2001
300 _axiv. 108 p. ; 23 cm.
_bBibliography and index included
490 _aGender and Politics in Sri Lanka
650 _aWOMEN-Political activity - Sri Lanka
650 _a Women's rights -- Sri Lanka
700 _aGomez, Shyamala
942 _cBK
999 _c286
_d286